Stacey and the mystery of stoneybrook / (Record no. 9104)

MARC details
000 -LEADER
fixed length control field 00873nam a22002777a 4500
001 - CONTROL NUMBER
control field 9104
003 - CONTROL NUMBER IDENTIFIER
control field FISKH
005 - DATE AND TIME OF LATEST TRANSACTION
control field 20251128083312.0
008 - FIXED-LENGTH DATA ELEMENTS--GENERAL INFORMATION
fixed length control field 251120b cb ||||| |||| 00| 0 eng d
020 ## - INTERNATIONAL STANDARD BOOK NUMBER
International Standard Book Number 9780590732840
040 ## - CATALOGING SOURCE
Original cataloging agency FISKH
Language of cataloging eng
Transcribing agency FISKH
Modifying agency FISKH
050 ## - LIBRARY OF CONGRESS CALL NUMBER
Classification number PZ7.M3567585 S
082 ## - DEWEY DECIMAL CLASSIFICATION NUMBER
Classification number 813.54
100 ## - MAIN ENTRY--PERSONAL NAME
Personal name Martin, Ann M.
Relator term Author
245 ## - TITLE STATEMENT
Title Stacey and the mystery of stoneybrook /
Statement of responsibility, etc. Ann M. Martin
260 ## - PUBLICATION, DISTRIBUTION, ETC.
Place of publication, distribution, etc. New York :
Name of publisher, distributor, etc. Scholastic Inc. ,
Date of publication, distribution, etc. 1990
300 ## - PHYSICAL DESCRIPTION
Extent 139 pages :
Dimensions 20 cm
490 ## - SERIES STATEMENT
Series statement Baby-sitters club
Volume/sequential designation #35
505 ## - FORMATTED CONTENTS NOTE
Formatted contents note R<br/>
520 ## - SUMMARY, ETC.
Summary, etc. The Baby-sitters Club investigates the terrible noises coming from the old Hennessey place, which is sitting on top of a graveyard and may be haunted.
521 8# - TARGET AUDIENCE NOTE
Target audience note 750<br/>
Source Lexile<br/>
521 8# - TARGET AUDIENCE NOTE
Target audience note R<br/>
Source Raz-Plus<br/>
650 ## - SUBJECT ADDED ENTRY--TOPICAL TERM
Topical term or geographic name entry element Children's
Form subdivision Haunted houses
942 ## - ADDED ENTRY ELEMENTS (KOHA)
Source of classification or shelving scheme Dewey Decimal Classification
Koha item type Books
Suppress in OPAC No
Holdings
Withdrawn status Lost status Source of classification or shelving scheme Damaged status Not for loan Collection Home library Current library Shelving location Date acquired Total Checkouts Full call number Barcode Date last seen Copy number Price effective from Koha item type
Withdrawn   Dewey Decimal Classification Damaged   Juvenile Fiction Footprints International School Library Network Toul Tom Poung Campus Footprints International School Library Network Toul Tom Poung Campus TTP Primary Orange Bookshelves 11/20/2025   MAR 813.54 PZ7.M3567585 S FIS02333 11/20/2025 1 11/20/2025 Books